[Event "Titled Tuesday intern op 30th Apr Early"]
[Site "Chess.com INT"]
[Date "2024.04.30"]
[Round "5"]
[White "Agibileg, Uurtsaikh"]
[Black "Ramirez Vido, Robert Yorisan"]
[Result "0-1"]
[WhiteElo "2442"]
[BlackElo "2104"]
[PlyCount "96"]
[EventDate "2024.04.30"]
[EventType "swiss (blitz)"]
[EventRounds "11"]
[EventCountry "USA"]
[SourceTitle "CBM 220 Extra"]
[Source "ChessBase"]
[SourceDate "2024.07.31"]
[SourceVersion "1"]
[SourceVersionDate "2024.07.31"]
[SourceQuality "1"]

1. d4 d6 2. c4 g6 3. Nc3 Bg7 4. e4 Nf6 5. Be2 0-0 6. Nf3 Na6 7. 0-0 e5 8. Be3 Ng4 9. Bg5 Qe8 10. dxe5 dxe5 11. h3 f6 12. Bd2 Nh6 13. c5 Nxc5 14. Qc1 Nf7 15. Nd5 Ne6 16. Nxc7 Nxc7 17. Qxc7 Nd8 18. Rac1 Be6 19. Qc2 Nc6 20. Bb5 Rc8 21. Qa4 a6 22. Bxc6 Rxc6 23. Rxc6 Qxc6 24. Qxc6 bxc6 25. b3 c5 26. Rc1 Rc8 27. Be3 c4 28. Nd2 cxb3 29. Rxc8+ Bxc8 30. Nxb3 Kf7 31. Kf1 f5 32. exf5 gxf5 33. f3 Ke6 34. Ke2 Kd5 35. Kd3 Bd7 36. Nd2 Bb5+ 37. Kc2 e4 38. fxe4+ fxe4 39. Nb1 Bf1 40. Nc3+ Ke5 41. g3 Bxh3 42. Ne2 Kf5 43. Kd2 Be5 44. Nd4+ Kg4 45. Nc6 Bxg3 46. Nb4 Kf3 47. Nxa6 Bf4 48. Ke1 Bxe3 0-1

[Event "Titled Tuesday intern op 03rd May Early"]
[Site "Chess.com INT"]
[Date "2022.05.03"]
[Round "5"]
[White "Lehtosaari, Mauri"]
[Black "Ramirez Vido, Robert Yorisan"]
[Result "1/2-1/2"]
[WhiteElo "2199"]
[BlackElo "2104"]
[PlyCount "119"]
[EventDate "2022.05.03"]
[EventType "swiss (blitz)"]
[EventRounds "11"]
[EventCountry "USA"]
[SourceTitle "CBM 208 Extra"]
[Source "ChessBase"]
[SourceDate "2022.07.31"]
[SourceVersion "1"]
[SourceVersionDate "2022.07.31"]
[SourceQuality "1"]

1. d4 g6 2. Nf3 Nf6 3. Bg5 Bg7 4. Nbd2 0-0 5. c3 d6 6. e3 Nbd7 7. Bc4 h6 8. Bxf6 Nxf6 9. 0-0 c6 10. a4 Qc7 11. Qc2 Kh7 12. h3 e5 13. dxe5 dxe5 14. Rfd1 Rd8 15. Ne4 Nxe4 16. Qxe4 Bf5 17. Qh4 Kg8 18. Qg3 Qe7 19. Nh4 Rxd1+ 20. Rxd1 Be6 21. Bxe6 Qxe6 22. Qg4 Qxg4 23. hxg4 Kf8 24. Rd7 Rb8 25. f4 Ke8 26. Rd2 Rd8 27. Nf3 exf4 28. exf4 Rxd2 29. Nxd2 Kd7 30. Kf2 Ke6 31. Kf3 Kd5 32. f5 b5 33. axb5 cxb5 34. Ne4 Be5 35. Ke3 a5 36. Kd3 a4 37. Nd2 Bf4 38. Ne4 Bc1 39. Nf6+ Ke5 40. Nd7+ Kd6 41. fxg6 fxg6 42. Nf8 Bxb2 43. Nxg6 a3 44. Kc2 Kc5 45. Ne5 Ba1 46. Kb3 Kd5 47. Nd3 Ke4 48. Nb4 Bb2 49. Nc6 Kf4 50. Nd4 Kxg4 51. Nxb5 Kg3 52. Nd6 Kxg2 53. Nf5 h5 54. c4 Be5 55. c5 Kf3 56. Kxa3 Kg4 57. Ne3+ Kf3 58. Nf5 Kg4 59. Ne3+ Kf3 60. Nf5 1/2-1/2

[Event "Titled Tuesday intern op 03rd May Early"]
[Site "Chess.com INT"]
[Date "2022.05.03"]
[Round "7"]
[White "Toncheva, Nadya"]
[Black "Ramirez Vido, Robert Yorisan"]
[Result "0-1"]
[WhiteElo "2228"]
[BlackElo "2104"]
[PlyCount "95"]
[EventDate "2022.05.03"]
[EventType "swiss (blitz)"]
[EventRounds "11"]
[EventCountry "USA"]
[SourceTitle "CBM 208 Extra"]
[Source "ChessBase"]
[SourceDate "2022.07.31"]
[SourceVersion "1"]
[SourceVersionDate "2022.07.31"]
[SourceQuality "1"]

1. d4 g6 2. c4 Nf6 3. Nc3 Bg7 4. e4 d6 5. Be2 0-0 6. Bg5 Na6 7. Qd2 e5 8. d5 Nc5 9. Qc2 a5 10. h4 h6 11. Be3 b6 12. 0-0-0 a4 13. Nh3 Ng4 14. Bxg4 Bxg4 15. f3 Bxh3 16. Rxh3 a3 17. b3 f5 18. h5 Qf6 19. hxg6 Qxg6 20. Rdh1 fxe4 21. Bxh6 Nd3+ 22. Kb1 exf3 23. Bxg7 fxg2 24. Rh8+ Kxg7 25. R8h7+ Kg8 26. Rh8+ Kf7 27. Rxf8+ Rxf8 28. Rg1 Ke7 29. Qxg2 Qxg2 30. Rxg2 Rf1+ 31. Nd1 Rxd1+ 32. Kc2 Nb2 33. Rg7+ Kd8 34. Rg8+ Kd7 35. Rg7+ Kc8 36. Rg8+ Kb7 37. b4 Rh1 38. Kb3 Rh3+ 39. Kc2 Nxc4 40. Rg4 b5 41. Rg1 e4 42. Re1 e3 43. Kb3 Rh2 44. Re2 Rxe2 45. Kc3 Rxa2 46. Kd4 e2 47. Kc3 e1Q+ 48. Kb3 0-1